000 00491nam a2200193Ia 4500
005 20250326142004.0
008 250326s9999 xx 000 0 und d
037 _aTextbook
040 _aFMSL
_beng
_cFMSL
041 _aeng
_2eng
084 _aY:5 M8.1
_qFMSL
100 _aBose A
_9257521
245 0 _aFrom population to people
_cBose A
260 _aDelhi
_bDelhi, B R
_c1988
300 _a329p
490 _vVol I
942 _cTB
_hY:5 M8.1
999 _c1292931
_d1292931